| 000 | 00433nam a2200157Ia 4500 | ||
|---|---|---|---|
| 008 | 240729s9999 xx 000 0 und d | ||
| 022 | _a1658-3655 | ||
| 245 | 0 | _aJournal of Taibah University for Science | |
| 260 | _aUnited Kingdom | ||
| 260 | _bTaylor & Francis Group | ||
| 650 | _a Science (General) | ||
| 650 | _aScience | ||
| 856 | _uhttps://doaj.org/toc/ba66a0d4175843fdbc6e466d610d8eb4 | ||
| 942 | _2ddc | ||
| 942 | _cDOAJEJ | ||
| 999 |
_c74622 _d74622 |
||
| 945 |
_a1 _bMadushi Gamage _c1 _dMadushi Gamage |
||